[Event "TCh-AUT 2001-2"]
[Site "Dornbirn AUT"]
[Date "2002.03.08"]
[Round "9"]
[White "Baumegger,S"]
[Black "Van der Weide,K"]
[Result "1/2-1/2"]
[WhiteElo "2382"]
[BlackElo "2454"]

1.e4 c5 2.Nf3 Nc6 3.d4 cxd4 4.Nxd4 Nf6 5.Nc3 d6 6.Bg5 Bd7 7.Be2 e6 8.Ndb5 Qb8
9.a4 a6 10.Na3 Qc7 11.O-O Rc8 12.Qd2 Na5 13.Rad1 Be7 14.Bf4 Qb6 15.Bxd6 Bxd6
16.Qxd6 Qxd6 17.Rxd6 Rxc3 18.bxc3 Nxe4 19.Rb6 Ke7 20.Ra1  1/2-1/2

[Event "Anibal Open"]
[Site "Linares ESP"]
[Date "2002.03.08"]
[Round "8"]
[White "Zhang Pengxiang"]
[Black "Kotronias,V"]
[Result "1-0"]
[WhiteElo "2522"]
[BlackElo "2568"]

1.e4 c5 2.Nf3 Nc6 3.d4 cxd4 4.Nxd4 Nf6 5.Nc3 d6 6.Bg5 e6 7.Qd2 Be7 8.O-O-O O-O
9.f3 a6 10.h4 Nxd4 11.Qxd4 b5 12.Kb1 Qc7 13.Qd2 Rb8 14.Bd3 Rd8 15.g4 b4 16.Ne2 a5
17.Nd4 a4 18.Nb5 Qa5 19.a3 Rxb5 20.Bxb5 Qxb5 21.Qxb4 Qe8 22.Bxf6 gxf6 23.g5 d5
24.Qc3 fxg5 25.hxg5 dxe4 26.Rdg1 e5 27.fxe4 Rd4 28.Qf3 Qf8 29.Rxh7 Kxh7 30.Qh5+ Kg7
31.Rh1 Rd1+ 32.Rxd1 Kg8 33.g6 Qg7 34.gxf7+ Kf8 35.Qh2 Bf6 36.Qf2 Be6 37.Qa7 Bxf7
38.Qxa4 Qg2 39.Qb4+ Kg7 40.Qb7 Qg6 41.Rf1 Qg2 42.Qa6 Bg5 43.Qd3 Bf4 44.a4 Bg6
45.Re1 Qf2 46.Qe2 Qd4 47.a5 Qb4 48.a6 Bf7 49.Qg4+ Kf6 50.Qf5+ Ke7 51.Rd1 Be6
52.Qh7+ Kf6 53.Rg1 Bf7 54.Qh4+ Ke6 55.a7 Qa5 56.Qh3+ Kf6 57.Qh8+  1-0

[Event "Ciocaltea Mem"]
[Site "Bucharest ROM"]
[Date "2002.03.10"]
[Round "7"]
[White "Djukic,Ni"]
[Black "Murariu,A"]
[Result "1-0"]
[WhiteElo "2383"]
[BlackElo "2418"]

1.e4 c5 2.Nf3 Nc6 3.d4 cxd4 4.Nxd4 Nf6 5.Nc3 d6 6.Bg5 e6 7.Qd2 a6 8.O-O-O h6
9.Be3 Nxd4 10.Bxd4 b5 11.f4 Bb7 12.Bxf6 gxf6 13.Bd3 Be7 14.Kb1 Qb6 15.f5 O-O-O
16.fxe6 fxe6 17.Ne2 Qf2 18.a4 d5 19.exd5 Rxd5 20.Nf4 Qxd2 21.Rxd2 Rg5 22.axb5 axb5
23.Re1 Bd6 24.g3 Re5 25.Rxe5 Bxe5 26.Nxe6 Bc6 27.Nd4 Bxd4 28.Bf5+ Kc7 29.Rxd4 Re8
30.Rh4 Rh8 31.Kc1 Kd6 32.Kd2 Kc5 33.Kc3 Bf3 34.Bd3 Bc6 35.Rh5+ Kb6 36.Kb4 Ra8
37.Rxh6 Ra2 38.b3  1-0

[Event "TCh-CZE 2001-2"]
[Site "CZE"]
[Date "2002.03.10"]
[Round "9"]
[White "Zezulkin,J"]
[Black "Jaworski,Mi"]
[Result "1-0"]
[WhiteElo "2523"]
[BlackElo "2381"]

1.e4 c5 2.Nc3 d6 3.Nf3 Nf6 4.d4 cxd4 5.Nxd4 Nc6 6.Bg5 e6 7.Qd2 a6 8.O-O-O h6
9.Be3 Bd7 10.f3 b5 11.Nxc6 Bxc6 12.Ne2 e5 13.Nc3 Be7 14.Kb1 Rb8 15.g4 b4
16.Nd5 Nxd5 17.exd5 Bb5 18.h4 Bxf1 19.Rdxf1 h5 20.g5 Rb5 21.f4 g6 22.f5 Qd7
23.fxg6 fxg6 24.Qd3 Rg8 25.Rh2 Qb7 26.Rd2 Rg7 27.Qe4 Qd7 28.b3 Qc8 29.Rd3 a5
30.Bg1 Qg4 31.Qc4 Qxc4 32.bxc4 Rb7 33.c5 dxc5 34.d6 Bd8 35.Bxc5 Kd7 36.Re3 Kc6
37.Rxe5 Rb5 38.Bd4 Rd7 39.Rxb5 Kxb5 40.Be5 Kc4 41.Kc1 Kd5 42.Bg3 Ke4 43.Kd2 Bb6
44.Rf4+ Kd5 45.Rf6 Rg7 46.Kd3 Bd4 47.Rf8 Rd7 48.Rg8 Rf7 49.Ke2 Bg7 50.Ra8 Ke4
51.Re8+  1-0

[Event "National Open"]
[Site "Las Vegas USA"]
[Date "2002.03.10"]
[Round "5"]
[White "Kudrin,S"]
[Black "Perelshteyn,E"]
[Result "1-0"]
[WhiteElo "2524"]
[BlackElo "2451"]

1.e4 c5 2.Nf3 d6 3.d4 cxd4 4.Nxd4 Nf6 5.Nc3 Nc6 6.Bg5 e6 7.Qd2 a6 8.Be2 h6
9.Bh4 Be7 10.O-O-O Qc7 11.f4 Bd7 12.Nb3 O-O-O 13.Bxf6 gxf6 14.Bh5 Rh7 15.Kb1 Kb8
16.Qf2 Na5 17.Nxa5 Qxa5 18.f5 Rc8 19.Rd3 Qc5 20.Qd2 Rg8 21.Rd1 Bc6 22.Re1 Rg5
23.Bf3 Bf8 24.a3 h5 25.e5 d5 26.fxe6 fxe6 27.exf6 Bh6 28.Qe2 Bd7 29.Bxh5 Qf8
30.h4 Rxh5 31.Qxh5 Qxf6 32.Rf3 Qg7 33.Qe5+ Qxe5 34.Rxe5 Rg7 35.Rf6 Bd2 36.Re2 Bxc3
37.bxc3 Kc7 38.h5 Rg5 39.h6 Kd6 40.g4  1-0

[Event "ch-RUS Boys U20"]
[Site "Vladimir RUS"]
[Date "2002.03.10"]
[Round "9"]
[White "Inarkiev,E"]
[Black "Bocharov,D"]
[Result "1-0"]
[WhiteElo "2500"]
[BlackElo "2452"]

1.e4 c5 2.Nf3 Nc6 3.d4 cxd4 4.Nxd4 Nf6 5.Nc3 d6 6.Bg5 e6 7.Qd2 Qb6 8.Nb3 a6
9.Be2 Qc7 10.f4 b5 11.Bxf6 gxf6 12.Bh5 Na5 13.Nxa5 Qxa5 14.f5 b4 15.Ne2 e5
16.c3 Rb8 17.O-O Be7 18.Kh1 Bd7 19.b3 O-O 20.Qh6 Kh8 21.Bg6 fxg6 22.fxg6 Rf7
23.gxf7 bxc3 24.Rxf6 Rf8 25.Raf1 c2 26.Rg6  1-0

[Event "FSGM March"]
[Site "Budapest HUN"]
[Date "2002.03.11"]
[Round "10"]
[White "Balogh,C"]
[Black "Breder,D"]
[Result "1/2-1/2"]
[WhiteElo "2398"]
[BlackElo "2441"]

1.e4 c5 2.Nf3 d6 3.d4 Nf6 4.Nc3 cxd4 5.Nxd4 Nc6 6.Bg5 e6 7.Qd2 Be7 8.O-O-O Nxd4
9.Qxd4 O-O 10.f3 a6 11.h4 Qa5 12.Bd2 Qc5 13.Qxc5 dxc5 14.h5 Rd8 15.h6 g6
16.a4 b6 17.g4 Bb7 18.Be2 Kf8 19.Bf4  1/2-1/2

[Event "Mediteran Cup IM"]
[Site "Rijeka CRO"]
[Date "2002.03.11"]
[Round "4"]
[White "Brkic,A"]
[Black "Bosiocic,Mari"]
[Result "1-0"]
[WhiteElo "2312"]
[BlackElo "2079"]

1.e4 c5 2.Nf3 d6 3.d4 cxd4 4.Nxd4 Nf6 5.Nc3 Nc6 6.Bg5 e6 7.Qd2 a6 8.O-O-O Bd7
9.f4 h6 10.Bxf6 Qxf6 11.Nxc6 Bxc6 12.Bd3 Be7 13.Rhf1 O-O 14.Ne2 e5 15.Kb1 Qe6
16.Rf3 d5 17.f5 Qf6 18.Ng3 Rfd8 19.Qe2 Qd6 20.Rff1 dxe4 21.Bxe4 Qc7 22.Bxc6 Qxc6
23.Ne4 Rxd1+ 24.Rxd1 Rd8 25.Rxd8+ Bxd8 26.c3 Qd5 27.b3 Kf8 28.Kc2 Bb6 29.Qd3 Qxd3+
30.Kxd3 Ke7 31.Kc4 Kd7 32.Kd5 f6 33.Nd6 Bg1 34.Nxb7 Bxh2 35.Nc5+ Ke7 36.Nxa6 g6
37.fxg6 f5 38.c4 e4 39.Kd4 Kf6 40.c5 Bg1+ 41.Kc3 f4 42.c6  1-0

[Event "ch-RUS Boys U20"]
[Site "Vladimir RUS"]
[Date "2002.03.12"]
[Round "11"]
[White "Smirnov,P"]
[Black "Grigoriants,S RUS"]
[Result "0-1"]
[WhiteElo "2510"]
[BlackElo "2443"]

1.e4 c5 2.Nf3 Nc6 3.d4 cxd4 4.Nxd4 Nf6 5.Nc3 d6 6.Bg5 e6 7.Qd2 a6 8.O-O-O h6
9.Nxc6 bxc6 10.Bf4 d5 11.Qe3 Be7 12.Be2 O-O 13.Qg3 Kh8 14.Bc7 Qd7 15.Be5 Qb7
16.Rhe1 Bd7 17.f4 a5 18.f5 a4 19.Kb1 Rfb8 20.b3 axb3 21.cxb3 Rg8 22.exd5 exd5
23.Bd3 c5 24.Qf4 c4 25.Bc2 Ra3 26.Qc1 cxb3 27.axb3 Rga8 28.Nxd5 Bxf5 29.b4 Bxb4  0-1

[Event "FSGM March"]
[Site "Budapest HUN"]
[Date "2002.03.14"]
[Round "13"]
[White "Antal,Ge"]
[Black "Balogh,C"]
[Result "1/2-1/2"]
[WhiteElo "2426"]
[BlackElo "2398"]

1.e4 c5 2.Nf3 d6 3.d4 cxd4 4.Nxd4 Nf6 5.Nc3 Nc6 6.Bg5 e6 7.Qd2 Be7 8.O-O-O Nxd4
9.Qxd4 O-O 10.e5 dxe5 11.Qxe5 Bd7 12.h4 Rc8 13.Rh3 Qc7 14.Qxc7 Rxc7 15.Nb5 Bxb5
16.Bxb5 Rfc8 17.c3 h6 18.Bxf6  1/2-1/2

[Event "13th Goodricke"]
[Site "Calcutta IND"]
[Date "2002.03.22"]
[Round "6"]
[White "Sandipan,C"]
[Black "Kotsur,P"]
[Result "0-1"]
[WhiteElo "2452"]
[BlackElo "2578"]

1.e4 c5 2.Nf3 d6 3.d4 cxd4 4.Nxd4 Nf6 5.Nc3 Nc6 6.Bg5 e6 7.Qd2 Qb6 8.Nb3 a6
9.O-O-O Qc7 10.Be2 b5 11.Bxf6 gxf6 12.Bh5 Rg8 13.f4 b4 14.Ne2 Rxg2 15.Rhg1 Rxg1
16.Rxg1 Bb7 17.f5 e5 18.Rg8 Ke7 19.Kb1 Bh6 20.Qd5 Nd8 21.Qd3 a5 22.Rh8 a4
23.Rxh7 axb3 24.Qxb3 Kf8 25.Rxh6 Kg7 26.Bxf7 Kxh6 27.Bc4 d5 28.exd5 Ba6 29.Bxa6 Rxa6
30.Qxb4 Kg7 31.c4 Nb7 32.Ng3 Rb6 33.Qc3 Qc5 34.Nh5+ Kf8 35.Qg3 Qd4 36.Qg7+ Ke8
37.Qg6+ Kd8 38.b3 Qd1+ 39.Kb2 Qd2+ 40.Kb1 Ra6 41.a3 Rb6 42.b4 Qc3 43.Qg3 Qxc4
44.Nxf6 Rxf6 45.Qg8+ Kc7 46.Qg7+ Kb8 47.Qxf6 Qd3+ 48.Kc1 Qxa3+ 49.Kd1 Qd3+
50.Ke1 Qxd5 51.Qf8+ Ka7 52.f6 Nd6 53.Qd8 Qh1+ 54.Ke2 Qxh2+ 55.Kd1 Qh1+ 56.Ke2 Qe4+
57.Kf1 Qc4+ 58.Kg1 Nf7 59.Qd7+ Kb6 60.Qe7 Qd5 61.Kf2 Kb5 62.Kg3 Kc4 63.Kg4 Qe4+
64.Kg3 Qf4+ 65.Kg2 Ng5 66.Qc5+ Kb3 67.Qd6 Qf3+ 68.Kh2 Qe2+ 69.Kh1 Qf1+ 70.Kh2 Qf2+
71.Kh1 Nf3 72.Qd3+ Kb2  0-1

[Event "Suetin Mem"]
[Site "Tula RUS"]
[Date "2002.03.23"]
[Round "1"]
[White "Frolyanov,D"]
[Black "Loginov,Va"]
[Result "1-0"]
[WhiteElo "2295"]
[BlackElo "2524"]

1.e4 c5 2.Nf3 d6 3.d4 cxd4 4.Nxd4 Nf6 5.Nc3 Nc6 6.Bg5 e6 7.Qd2 a6 8.O-O-O Qb6
9.Nb3 Bd7 10.f4 Rc8 11.Bd3 Be7 12.Rhe1 h6 13.Bh4 g5 14.Bf2 Qc7 15.e5 dxe5
16.fxe5 Nxe5 17.Rxe5 Bd6 18.Ree1 Bxh2 19.Kb1 Bf4 20.Qe2 O-O 21.Ne4 Nxe4 22.Qxe4 f5
23.Qe2 Rce8 24.Nc5 Bc8 25.Bc4 Rf6 26.Bd4 Rg6 27.Qh5 Kh7 28.g4 e5 29.Bd3 Rf8
30.Bg1 Qc6 31.gxf5 Bxf5 32.Bxf5 Rxf5 33.Rd7+ Rg7 34.Red1 Qg6 35.Qh1 b6 36.R7d6 bxc5
37.Rxg6 Kxg6 38.Rd6+ Rf6 39.Qe4+ Kf7 40.Rd7+ Kg8 41.Rd8+ Rf8 42.Qd5+ Rf7
43.Rd7  1-0

[Event "TCh-BEL Playoff 2001-2"]
[Site "Mechelen BEL"]
[Date "2002.03.24"]
[Round "1"]
[White "Dutreeuw,M"]
[Black "Van Laatum,G"]
[Result "1-0"]
[WhiteElo "2345"]
[BlackElo "2327"]

1.e4 c5 2.Nf3 d6 3.d4 cxd4 4.Nxd4 Nf6 5.Nc3 Nc6 6.Bg5 e6 7.Qd2 a6 8.O-O-O Be7
9.f3 Bd7 10.h4 h6 11.Be3 h5 12.Kb1 b5 13.Nxc6 Bxc6 14.Bg5 Ra7 15.Bd3 Qb8
16.Qf2 Bd8 17.Ne2 Rd7 18.c3 Bc7 19.Bf4 e5 20.Bg5 Bb6 21.Qg3 a5 22.Bc1 g6
23.Qg5 Bd8 24.Qg3 Bb6 25.Qe1 d5 26.Bg5 Bd8 27.exd5 Rxd5 28.Nd4 Bd7 29.Nc2 O-O
30.Ne3 Rd6 31.Bc2 Rxd1+ 32.Qxd1 Be6 33.g4 hxg4 34.fxg4 Be7 35.Qf3 e4 36.Qf2 Qe5
37.Rf1 Nd5 38.Bxe7 Nxe7 39.g5 Nd5 40.Nxd5 Qxd5 41.Qe3 Qxa2+ 42.Kc1 Qa1+ 43.Bb1 Ba2
44.Qxe4 Bxb1 45.Qxb1 Qa4 46.Qd3 Qxh4 47.Qxb5 Qe4 48.Rd1 a4 49.Qd5 Qe3+ 50.Qd2 Qe7
51.Kb1 a3 52.b3 a2+ 53.Ka1 Rc8 54.Rh1 Qc7 55.c4  1-0

[Event "Masters"]
[Site "Pinamar ARG"]
[Date "2002.03.26"]
[Round "9"]
[White "Morovic Fernandez,I"]
[Black "Zarnicki,P"]
[Result "1/2-1/2"]
[WhiteElo "2554"]
[BlackElo "2493"]

1.e4 c5 2.Nf3 d6 3.d4 cxd4 4.Nxd4 Nf6 5.Nc3 Nc6 6.Bg5 e6 7.Qd2 Be7 8.O-O-O Nxd4
9.Qxd4 O-O 10.f4 h6 11.Bh4 Qa5 12.Bc4 e5 13.fxe5 dxe5 14.Qd3 Bg4 15.Bxf6 Bxf6
16.Rdf1 Rac8 17.Bb3 Bh4 18.Kb1 Qc5 19.g3  1/2-1/2

[Event "Economic Faculty"]
[Site "Subotica YUG"]
[Date "2002.03.26"]
[Round "1"]
[White "Popovic,Du"]
[Black "Ermenkov,E"]
[Result "0-1"]
[WhiteElo "2394"]
[BlackElo "2460"]

1.e4 c5 2.Nf3 d6 3.d4 cxd4 4.Nxd4 Nf6 5.Nc3 Nc6 6.Bg5 e6 7.Qd2 a6 8.O-O-O h6
9.Be3 Be7 10.f3 Nxd4 11.Bxd4 b5 12.Kb1 Qa5 13.Bxf6 gxf6 14.Bd3 Bb7 15.f4 b4
16.Ne2 d5 17.e5 f5 18.Nd4 h5 19.Be2 O-O-O 20.Bf3 Qb6 21.g3 a5 22.h3 Kb8 23.Ka1 Rc8
24.g4 hxg4 25.hxg4 fxg4 26.Bxg4 Bc5 27.c3 a4 28.f5 Rxh1 29.Rxh1 a3 30.fxe6 axb2+
31.Qxb2 bxc3 32.Qxb6 Bxb6 33.Nc2 fxe6 34.Rd1 Rc6 35.Kb1 Bc8 36.a3 Rc4 37.Bf3 Bd7
38.Nb4 Ba4 39.Nc2 Be8 40.Rh1 Ba4 41.Rh6 Rf4 42.Rxe6 Rxf3 43.Rxb6+ Kc7 44.Rf6 Rd3
45.Rf1 Rd2 46.Ne3 d4 47.Nd5+ Kc6 48.Nb4+ Kc5 49.Rf8 Kc4 50.Na2 c2+ 51.Kc1  0-1

[Event "Suetin Mem"]
[Site "Tula RUS"]
[Date "2002.03.26"]
[Round "4"]
[White "Alekseev,E"]
[Black "Kiselev,S"]
[Result "1-0"]
[WhiteElo "2552"]
[BlackElo "2437"]

1.e4 c5 2.Nf3 Nc6 3.d4 cxd4 4.Nxd4 Nf6 5.Nc3 d6 6.Bg5 Qb6 7.Nb3 e6 8.Qd2 a6
9.Bxf6 gxf6 10.O-O-O Bd7 11.f4 O-O-O 12.Kb1 Kb8 13.Be2 h5 14.Rhf1 Be7 15.Rf3 Rdg8
16.Bf1 Rg4 17.a3 Bc8 18.Na4 Qc7 19.Qf2 b5 20.Nc3 Qa7 21.Qe1 Rhg8 22.a4 b4
23.Na2 a5 24.Bb5 Bb7 25.Bxc6 Bxc6 26.Nxa5 Qxa5 27.Nxb4 Kb7 28.Rb3 Qxa4 29.Nxc6+ Kxc6
30.Qc3+ Kd7 31.Rb7+ Ke8 32.Qc8+ Bd8 33.b3  1-0

[Event "Open"]
[Site "Mar del Plata ARG"]
[Date "2002.03.27"]
[Round "6"]
[White "Rosito,J"]
[Black "Abarca Aguirre,M"]
[Result "1/2-1/2"]
[WhiteElo "2424"]
[BlackElo "2337"]

1.e4 c5 2.Nf3 d6 3.d4 cxd4 4.Nxd4 Nf6 5.Nc3 Nc6 6.Bg5 e6 7.Qd2 a6 8.O-O-O Bd7
9.f4 Be7 10.Nf3 b5 11.Bxf6 Bxf6 12.Qxd6 Ra7 13.e5 Be7 14.Qd2 Qa5 15.Kb1 Bb4
16.Ng5 Bxc3 17.Qxc3 Qxc3 18.bxc3 Na5 19.h4 Ke7 20.h5 h6 21.Ne4 Bc6 22.Nd6 Rd8
23.Rh3 Rad7 24.Rg3 Nb7 25.Rxg7 Nxd6 26.Rxd6 Rxd6 27.exd6+ Rxd6 28.Bd3 Kf8
29.Rg3 Rd5 30.Rh3 e5 31.fxe5 Rxe5 32.g4 Bd7 33.Rg3 Be6 34.Kb2  1/2-1/2

[Event "Europe Chess GM"]
[Site "Eger HUN"]
[Date "2002.03.28"]
[Round "9"]
[White "Rajlich,V"]
[Black "Pataki,G"]
[Result "1/2-1/2"]
[WhiteElo "2384"]
[BlackElo "2308"]

1.e4 c5 2.Nf3 Nc6 3.d4 cxd4 4.Nxd4 Nf6 5.Nc3 d6 6.Bg5 e6 7.Qd2 a6 8.O-O-O h6
9.Be3 Be7 10.f4 Nxd4 11.Bxd4 b5 12.Be2 b4 13.Na4 Nxe4 14.Qe3 Nf6 15.Bf3 Rb8
16.Ba7 Bd7 17.Nb6 Bb5 18.f5 Nd7 19.fxe6 O-O 20.Nxd7 Bg5 21.Nxb8 fxe6 22.Nc6 Bxc6
23.Bxc6 Qc7 24.Qxg5 hxg5 25.Bf3  1/2-1/2

[Event "4th Rector Cup"]
[Site "Kharkov UKR"]
[Date "2002.03.28"]
[Round "9"]
[White "Kobalia,M"]
[Black "Gershon,A"]
[Result "1-0"]
[WhiteElo "2620"]
[BlackElo "2558"]

1.e4 c5 2.Nf3 Nc6 3.d4 cxd4 4.Nxd4 Nf6 5.Nc3 d6 6.Bg5 e6 7.Qd2 Be7 8.O-O-O O-O
9.f4 h6 10.Bh4 Nxd4 11.Qxd4 Qa5 12.Bc4 e5 13.fxe5 dxe5 14.Qd3 Bg4 15.Rdf1 Qc5
16.Bb3 Kh8 17.Bxf6 Bxf6 18.Kb1 Rad8 19.Qg3 Be6 20.Nd5 Bxd5 21.Bxd5 Rd6 22.Rf3 Rb6
23.Rc3 Qb4 24.Rb3 Qd4 25.Rxb6 Qxb6 26.Qf3 a5 27.a3 Qc7 28.Qb3 b6 29.Rf1 Kg8
30.Qg3 Qe7 31.Qe3 Qc5 32.Qxc5 bxc5 33.Rf3 Rb8 34.Ka2 Kf8 35.Rb3 Rxb3 36.Kxb3 Bg5
37.Ka4 Bd2 38.Kb5 Ke7 39.a4 Bc1 40.Kxa5 Bxb2 41.c4 f5 42.Kb6 Bc3 43.a5 Bxa5+
44.Kxa5 f4 45.Bc6 g5 46.Ba4 g4 47.Bd1 h5 48.Kb6  1-0

[Event "New White Plus GM open"]
[Site "Dhaka BAN"]
[Date "2002.04.02"]
[Round "4"]
[White "Goloshchapov,A"]
[Black "Uddin,S"]
[Result "1-0"]
[WhiteElo "2545"]
[BlackElo "2159"]

1.e4 c5 2.Nf3 Nc6 3.d4 cxd4 4.Nxd4 Nf6 5.Nc3 d6 6.Bg5 e6 7.Qd2 a6 8.O-O-O h6
9.Nxc6 bxc6 10.Bf4 d5 11.Qe3 Be7 12.Be2 Bb7 13.Qg3 g6 14.Bf3 Rc8 15.Rhe1 Kf8
16.Be5 Rg8 17.Kb1 Nd7 18.Bd6 Bxd6 19.Qxd6+ Kg7 20.Na4 Qc7 21.Qxc7 Rxc7 22.c4 dxe4
23.Bxe4 c5 24.Bxb7 Rxb7 25.Rd6 Ra8 26.Rc6 Kf6 27.Rd1 Raa7 28.Nxc5 Nxc5 29.Rxc5 Rd7
30.Rxd7 Rxd7 31.Kc2 Rd6 32.b4 h5 33.a4 h4 34.b5 axb5 35.cxb5  1-0

[Event "Economic Faculty"]
[Site "Subotica YUG"]
[Date "2002.04.02"]
[Round "8"]
[White "Popovic,Du"]
[Black "Todorovic,J"]
[Result "1/2-1/2"]
[WhiteElo "2394"]
[BlackElo "2426"]

1.e4 c5 2.Nf3 d6 3.d4 cxd4 4.Nxd4 Nf6 5.Nc3 Nc6 6.Bg5 Bd7 7.Be2 Qa5 8.Bxf6 gxf6
9.O-O Nxd4 10.Qxd4 Rc8 11.Nd5 Qc5 12.Qd3 Qxc2 13.Qe3 Bh6 14.Qxh6 Qxe2 15.Qg7 Rf8
16.Rac1 Bc6 17.Qxh7 Qg4 18.Ne3 Qg6 19.Qh3 Rd8 20.Rfe1 Rg8 21.Nf5 e6 22.Rc3 Qxg2+
23.Qxg2 Rxg2+ 24.Kxg2 exf5 25.f3 fxe4 26.fxe4  1/2-1/2

[Event "IDJM"]
[Site "Augsburg GER"]
[Date "2002.04.03"]
[Round "1"]
[White "L'Ami,E"]
[Black "Van der Weide,K"]
[Result "1/2-1/2"]
[WhiteElo "2353"]
[BlackElo "2454"]

1.e4 c5 2.Nf3 Nc6 3.d4 cxd4 4.Nxd4 Nf6 5.Nc3 d6 6.Bg5 Bd7 7.Qd2 Rc8 8.O-O-O Nxd4
9.Qxd4 Qa5 10.Bd2 a6 11.a3 Qc5 12.Qxc5 Rxc5 13.f3 g6 14.Be3 Rc8 15.Bd4 Bg7
16.Nd5 Nh5 17.Be3 Be6 18.Be2 Nf6 19.Nf4 Bb3 20.Bd3 e5 21.Ne2 d5 22.exd5 Nxd5
23.Bd2 O-O  1/2-1/2

[Event "XI ch-MKD"]
[Site "Gevgelija MKD"]
[Date "2002.04.03"]
[Round "3"]
[White "Nedev,T"]
[Black "Dancevski,O"]
[Result "1/2-1/2"]
[WhiteElo "2487"]
[BlackElo "2429"]

1.e4 c5 2.Nf3 d6 3.d4 Nf6 4.Nc3 cxd4 5.Nxd4 Nc6 6.Bg5 e6 7.Qd2 a6 8.O-O-O h6
9.Nxc6 bxc6 10.Bf4 d5 11.Qe3 Qa5 12.Be2 Bb4 13.Be5 Be7 14.exd5 cxd5 15.Qg3 Rg8
16.Rhe1 Bb7 17.Bf3 O-O-O 18.Qf4 Bc6 19.h4 Rd7 20.g4 g5 21.Qh2 gxh4 22.Rg1 Ne8
23.Kb1 Rb7 24.Ne2 Rg5 25.Bc3 Qc5 26.Rd3 Bb5  1/2-1/2

[Event "IDJM"]
[Site "Augsburg GER"]
[Date "2002.04.05"]
[Round "4"]
[White "Bromberger,S"]
[Black "Rau,H"]
[Result "1-0"]
[WhiteElo "2407"]
[BlackElo "2297"]

1.e4 c5 2.Nf3 d6 3.d4 cxd4 4.Nxd4 Nf6 5.Nc3 Nc6 6.Bg5 e6 7.Qd2 a6 8.O-O-O h6
9.Be3 Bd7 10.f4 b5 11.Bd3 Qc7 12.Kb1 Na5 13.e5 b4 14.Ncb5 axb5 15.exf6 Nc4
16.Bxc4 bxc4 17.Qxb4 Rb8 18.Qc3 gxf6 19.Ne2 Rg8 20.Ng3 Be7 21.f5 e5 22.Bxh6 Qb7
23.Rhe1 Bc6 24.b3 d5 25.Nh5 d4 26.Rxd4 cxb3 27.axb3 Rxg2 28.Rc4 Bd5 29.Rc7 Qa6
30.Rxe7+  1-0

[Event "IDJM"]
[Site "Augsburg GER"]
[Date "2002.04.05"]
[Round "4"]
[White "Gross,Dav GER"]
[Black "Langheinrich,F"]
[Result "1/2-1/2"]
[WhiteElo "2463"]
[BlackElo "2405"]

1.e4 c5 2.Nf3 d6 3.d4 cxd4 4.Nxd4 Nf6 5.Nc3 Nc6 6.Bg5 e6 7.Qd2 a6 8.O-O-O Bd7
9.f3 Be7 10.h4 Nxd4 11.Qxd4 Rc8 12.Kb1 Qa5 13.g4 b5 14.Qd3 b4 15.Ne2 Bb5
16.Qd2 d5 17.e5 Bc4 18.Nc1 Nd7 19.Bxe7 Kxe7 20.Bg2 Qc5 21.f4 a5 22.Nb3 Bxb3
23.cxb3 h6 24.f5 Qb6 25.Rhf1 a4 26.f6+ gxf6 27.exf6+ Kd8 28.Bxd5 exd5 29.Qxd5 Qc6
30.Qa5+ Rc7 31.Rc1 Qb6 32.Qa8+ Qb8 33.Qd5 Rxc1+ 34.Rxc1 Qe5 35.Qa8+ Qb8 36.Qd5 Qe5
37.Qa8+  1/2-1/2

[Event "FSGMA April"]
[Site "Budapest HUN"]
[Date "2002.04.05"]
[Round "4"]
[White "Horvath,Ad"]
[Black "Gonda,L"]
[Result "1-0"]
[WhiteElo "2464"]
[BlackElo "2359"]

1.e4 c5 2.Nf3 d6 3.d4 cxd4 4.Nxd4 Nf6 5.Nc3 Nc6 6.Bg5 e6 7.Qd2 a6 8.O-O-O Bd7
9.f4 b5 10.Nxc6 Bxc6 11.Bd3 Be7 12.e5 dxe5 13.fxe5 Nd7 14.Bxe7 Qxe7 15.Be4 Bxe4
16.Nxe4 Nxe5 17.Qd4 f6 18.Nd6+ Kf8 19.Rhf1 Nf7 20.Qb6 Nxd6 21.Rxd6 Kf7 22.Re1 Rhb8
23.Rdxe6 Qd7 24.Rd6 Rxb6 25.Rxd7+ Kg6 26.Re3 Rg8 27.Rg3+ Kh6 28.Kd2 Re6 29.b3 g6
30.Rh3+ Kg5 31.Rdxh7 Rge8 32.Rg3+ Kf5 33.Rc7 Re2+ 34.Kc1 R8e5 35.Rc6 a5 36.h4 Rf2
37.Kb2 b4 38.Rc4 Ree2 39.Rc5+ Re5 40.Rc6 Ree2 41.Rc5+ Re5 42.Rc4 Ree2 43.Rf3+ Rxf3
44.gxf3 Rf2 45.Rc5+ Ke6 46.Rxa5 Rxf3 47.a3 Rh3 48.axb4 Rxh4 49.b5 g5 50.c4 Rh8
51.b6 g4  1-0

[Event "IDJM"]
[Site "Augsburg GER"]
[Date "2002.04.06"]
[Round "6"]
[White "Baramidze,D"]
[Black "Rau,H"]
[Result "0-1"]
[WhiteElo "2328"]
[BlackElo "2297"]

1.e4 c5 2.Nf3 d6 3.d4 cxd4 4.Nxd4 Nf6 5.Nc3 Nc6 6.Bg5 e6 7.Qd2 a6 8.O-O-O h6
9.Be3 Bd7 10.f3 b5 11.Nxc6 Bxc6 12.Qf2 Qc7 13.Bd3 d5 14.exd5 Nxd5 15.Bd4 Nxc3
16.Bxc3 Bd5 17.Kb1 Bc5 18.Qh4 O-O 19.Rhe1 Rac8 20.Qg4 f5 21.Qg6 b4 22.Be5 Bd6
23.Qg3 Bxe5 24.Qxe5 a5 25.b3 Qa7 26.f4 a4 27.Re2 axb3 28.cxb3 Rc3 29.Bc2 Kh8
30.Rd3 Bxb3 31.Rxc3 Qxa2+ 32.Kc1 Qa1+ 33.Kd2 bxc3+ 34.Qxc3 Rd8+ 35.Bd3 Qd1+
36.Ke3 e5 37.fxe5 f4+ 38.Ke4 Bg8 39.Rd2 Qg4  0-1

[Event "IDJM"]
[Site "Augsburg GER"]
[Date "2002.04.07"]
[Round "8"]
[White "Baramidze,D"]
[Black "Langheinrich,F"]
[Result "1-0"]
[WhiteElo "2328"]
[BlackElo "2405"]

1.e4 c5 2.Nf3 d6 3.d4 cxd4 4.Nxd4 Nf6 5.Nc3 Nc6 6.Bg5 e6 7.Qd2 a6 8.O-O-O Bd7
9.f3 Be7 10.g4 b5 11.Nxc6 Bxc6 12.Bd3 Rc8 13.Ne2 Nd7 14.Bxe7 Qxe7 15.Nd4 Nc5
16.h4 Bd7 17.Qg5 g6 18.Rd2 Qxg5 19.hxg5 e5 20.Nb3 Ne6 21.Kb1 Ke7 22.Be2 Nxg5
23.Rhd1 Rc6 24.c4 bxc4 25.Na5 Rc5 26.Rxd6 Bb5 27.R1d5 Rhc8 28.a4 Bxa4 29.Rxa6 Bb3
30.Ra7+ Kf6 31.Ra6+ Kg7 32.Nb7 R5c7 33.Nd6 Rb8 34.Rxe5 Ne6 35.Rb5 Rd8 36.Rb4 Nd4
37.Bxc4 Bxc4 38.Nxc4 Nxf3 39.Ne3 Nd2+ 40.Ka2 Rd6 41.Raa4 Re6 42.Nd5 Rd7 43.Nc3 Nf3
44.Rb5 h6 45.Nd5 Ng5 46.Nc3 Rd2 47.Rb8 Rg2 48.Nd5 Rxg4 49.Raa8 h5 50.Rg8+ Kh6
51.Rh8+ Nh7 52.Raf8 Kg7 53.Rhg8+ Kh6 54.Rxf7 Rgxe4 55.Rh8 Kg5 56.Rhxh7 Rd4
57.Nc3 h4 58.Rf1 Ra6+ 59.Kb1 Rg4 60.Re7 Rg2 61.Ne4+ Kg4 62.Re5 Rb6 63.Rg5+ Kh3
64.Rh1+  1-0

[Event "TCh-CZE 2001-2"]
[Site "CZE"]
[Date "2002.04.07"]
[Round "11"]
[White "Chytilek,R"]
[Black "Hausner,I"]
[Result "1-0"]
[WhiteElo "2386"]
[BlackElo "2431"]

1.e4 c5 2.Nf3 d6 3.d4 cxd4 4.Nxd4 Nf6 5.Nc3 Nc6 6.Bg5 e6 7.Qd2 a6 8.O-O-O Bd7
9.f3 Be7 10.h4 h5 11.Kb1 b5 12.Nxc6 Bxc6 13.Ne2 Bb7 14.Nd4 Rc8 15.Bd3 Nd7
16.Rhe1 Ne5 17.Bf1 Nc4 18.Bxc4 bxc4 19.Bxe7 Qxe7 20.Nf5 c3 21.Qxd6 Qxd6 22.Nxd6+ Ke7
23.Nxc8+ Rxc8 24.Rd3 cxb2 25.Kxb2 Bc6 26.Red1 Ba4 27.Rc3 Rb8+ 28.Ka3 Be8
29.e5 Rb7 30.Rc5 f6 31.f4 fxe5 32.fxe5 Bg6 33.Rd6 Be4 34.g3 a5 35.Rd4 Bf5
36.Rdc4 Kd8 37.Rxa5 Ke8 38.Rac5 Rb1 39.Rc7 Kf8 40.Rb4  1-0

[Event "FSGMA April"]
[Site "Budapest HUN"]
[Date "2002.04.11"]
[Round "10"]
[White "Antal,Ge"]
[Black "Gonda,L"]
[Result "1-0"]
[WhiteElo "2426"]
[BlackElo "2379"]

1.e4 c5 2.Nf3 Nc6 3.d4 cxd4 4.Nxd4 Nf6 5.Nc3 d6 6.Bg5 e6 7.Qd2 a6 8.O-O-O Bd7
9.f4 b5 10.Bxf6 gxf6 11.Nxc6 Bxc6 12.Qe3 Qe7 13.Bd3 Qa7 14.Qe1 Be7 15.Kb1 Qc5
16.Ne2 a5 17.Nc1 h5 18.Rf1 Kd7 19.Rf3 Qb6 20.Rh3 Rag8 21.Bf1 b4 22.Nb3 Rg4
23.g3 Rgg8 24.Nd4 h4 25.Bc4 hxg3 26.Rxh8 Rxh8 27.hxg3 Qc5 28.b3 Qh5 29.f5 e5
30.Nxc6 Kxc6 31.Qd2 Kd7 32.Bb5+ Kc7 33.Qd5 Kb8 34.Ba6  1-0

[Event "Golden Cleopatra"]
[Site "Cairo EGY"]
[Date "2002.04.12"]
[Round "6"]
[White "Blehm,P"]
[Black "El Ghazali,Y"]
[Result "1-0"]
[WhiteElo "2535"]
[BlackElo "2362"]

1.e4 c5 2.Nf3 d6 3.Nc3 Nc6 4.d4 cxd4 5.Nxd4 Nf6 6.Bg5 e6 7.Qd2 Be7 8.O-O-O O-O
9.f3 Nxd4 10.Qxd4 Qa5 11.h4 e5 12.Qd2 Be6 13.Kb1 Rfd8 14.Nd5 Qxd2 15.Nxe7+ Kf8
16.Rxd2 Kxe7 17.c4 Rac8 18.b3 a6 19.h5 h6 20.Bh4 Rc6 21.g4 Kd7 22.Be2 Kc7
23.Kb2 Rb8 24.Rhd1 b6 25.Bf1 Re8 26.b4 Bxc4 27.Bxf6 gxf6 28.Bxc4 Rxc4 29.Rxd6 Rxb4+
30.Ka3 a5 31.Rxf6 Re7 32.Rxh6 Kb7 33.Rhd6 Ka6 34.h6 Rc7 35.R1d3 Rc2 36.Rb3 Kb5
37.g5 Rf2 38.h7  1-0

[Event "FSGMA April"]
[Site "Budapest HUN"]
[Date "2002.04.13"]
[Round "12"]
[White "Rajlich,V"]
[Black "Gonda,L"]
[Result "1-0"]
[WhiteElo "2384"]
[BlackElo "2379"]

1.e4 c5 2.Nf3 Nc6 3.d4 cxd4 4.Nxd4 Nf6 5.Nc3 d6 6.Bg5 e6 7.Qd2 a6 8.O-O-O Bd7
9.f4 b5 10.Bxf6 gxf6 11.Kb1 Qb6 12.Nxc6 Bxc6 13.Qe1 Be7 14.f5 Qc5 15.Bd3 Kd7
16.Qh4 h5 17.Qh3 Qe5 18.Rhe1 b4 19.Ne2 Bd8 20.Bc4 Bb6 21.g3 Bb5 22.fxe6+ fxe6
23.Bxb5+ axb5 24.Nf4 Bd4 25.Nxe6 Qxe6 26.Qxe6+ Kxe6 27.Rxd4 Ra4 28.b3 Ra5
29.Rxb4 Rha8 30.Re2 Rxa2 31.Rxb5 R2a5 32.Rxa5 Rxa5 33.Rf2 Re5 34.Rf4 Kd7
35.c4 Kc6 36.Kc2 Kc5 37.Rf5  1-0

[Event "9th Hotel Opatija IM"]
[Site "Kastav CRO"]
[Date "2002.04.14"]
[Round "5"]
[White "Zufic,M"]
[Black "Gombac,Jan"]
[Result "0-1"]
[WhiteElo "2310"]
[BlackElo "2225"]

1.e4 c5 2.Nf3 d6 3.d4 cxd4 4.Nxd4 Nf6 5.Nc3 Nc6 6.Bg5 e6 7.Qd2 a6 8.O-O-O Be7
9.f4 Nxd4 10.Qxd4 b5 11.Bxf6 gxf6 12.f5 Qc7 13.fxe6 fxe6 14.Be2 Bd7 15.Bh5+ Kd8
16.Rhf1 Qa7 17.Qd2 Qc5 18.Bg4 Rg8 19.Bh3 a5 20.Ne2 Qc4 21.Kb1 Qxe4 22.Rxf6 Bxf6
23.Qxd6 Rg7 24.Nf4 Qe5 25.Qb6+ Kc8 26.Nd3 Qd4 27.Qc5+ Qxc5 28.Nxc5 Kc7 29.Bxe6 Bc6
30.Bh3 Kb6 31.Ne6 Rd7 32.Rf1 Be5 33.g3  0-1